00836 2200277 4500001002100000005001500021035002500036008004100061020002200102040001700124082001400141084001600155100001600171245012500187250003500312260003500347300002900382500003400411650001500445850001200460007000300472090002000475090002100495999002100516990002100537INLIS00000000001078620200221102631 a0010-081500000002224150820s2015 yoi g ind d a978-979-3333-85-4 aYOPDYOGbind 223a332.1 a332.1 EDI p aEdi Hudiata aPenyelesaian sengketa perbankan syariah Pasca putusan MK nomor 93/PUU-X/2012 :blitigasi dan non litigasi /cEdi Hudiata aCetakan pertama, Februari 2015 aYogyakarta :bUII Press,c2015 axx, 210 halaman ;c23 cm aBibliografi : halaman 201-210 aBank Islam aYOPDYOGta aDEP 332.1 EDI p aCB-D.11 2015-089 aCB-D.11/2015-089 aCB-D.11/2015-089